Πρακτικός οδηγός δημοσίων σχέσεων
Αποθηκεύτηκε σε:
| Κύριος συγγραφέας: | |
|---|---|
| Μορφή: | Βιβλίο |
| Γλώσσα: | Greek |
| Δημοσίευση: |
Αθήνα-Θεσσαλονίκη :
Σάκκουλας,
2004
|
| Θέματα: | |
| Ετικέτες: |
Προσθήκη ετικέτας
Δεν υπάρχουν, Καταχωρήστε ετικέτα πρώτοι!
|
MARC
| LEADER | 00000cam a2200000 i 4500 | ||
|---|---|---|---|
| 001 | 1/70493 | ||
| 008 | 050127s2004 gre d | ||
| 020 | |a 960-301-903-8 | ||
| 035 | |l 10076242 | ||
| 040 | |a GR-MY-UA |b gre |e aacr | ||
| 041 | 0 | |a gre | |
| 082 | 0 | |a 659.2 | |
| 100 | 1 | |a Κουτούπης, Θαλής Π., |d 1941- | |
| 245 | 1 | 0 | |a Πρακτικός οδηγός δημοσίων σχέσεων / |c Θαλής Π. Κουτούπης |
| 260 | |a Αθήνα-Θεσσαλονίκη : |b Σάκκουλας, |c 2004 | ||
| 300 | |a 440 σ.; |c 24 εκ. | ||
| 504 | |a Περιλαμβάνει ευρετήριο | ||
| 650 | 0 | 0 | |a Public relations. |
| 852 | |a INST |b CHIOS |e 20050127 |h 659.2 ΚΟΥ |p 005200022380 |q 005200022380 |t BK |y 0 | ||
| 852 | |a INST |b CHIOS |e 20050127 |h 659.2 ΚΟΥ |p 005200022381 |q 005200022381 |t BK |y 0 | ||
| 901 | |a BIBL2-2005-1 | ||
| 909 | |a Χ |b 112547 | ||
| 909 | |a X |b 112546 | ||
| 970 | |a ΣΑΛΑΜΟΥΡΑ |b ΜΑΡΙΑ |z 2005/01/27 | ||